| 000 | 00369nam a2200145Ia 4500 | ||
|---|---|---|---|
| 008 | 230917s9999||||xx |||||||||||||| ||und|| | ||
| 040 |
_e140314 _aMAIN |
||
| 041 | _aEnglish | ||
| 082 | _a338.4791 R451T | ||
| 100 | _aRiley, Michael | ||
| 245 | 0 | _aTourism employment: Analysis and planning | |
| 260 |
_aNew Delhi _bViva Books _c2006 |
||
| 300 | _a202 p. | ||
| 942 | _cBK | ||
| 999 |
_c152449 _d152449 |
||